College Football Final Rankings 2025 - Statistics

General Stats
  • This quiz has been taken 36 times
  • The average score is 80 of 100
Answer Stats
% Correct
AP Poll | CFP Rankings | Coaches Poll | FPI Rankings Indiana
100%
AP Poll | CFP Rankings | Coaches Poll | FPI Rankings Ohio State
100%
AP Poll | CFP Rankings | Coaches Poll | FPI Rankings Ole Miss
100%
AP Poll | CFP Rankings | Coaches Poll | FPI Rankings Texas
100%
AP Poll | CFP Rankings | Coaches Poll | FPI Rankings Texas A&M
97%
AP Poll | CFP Rankings | Coaches Poll | FPI Rankings Alabama
94%
AP Poll | CFP Rankings | Coaches Poll | FPI Rankings Miami
94%
AP Poll | CFP Rankings | Coaches Poll | FPI Rankings Georgia
91%
AP Poll | CFP Rankings | Coaches Poll | FPI Rankings Oregon
91%
AP Poll | CFP Rankings | Coaches Poll | FPI Rankings Texas Tech
88%
AP Poll | CFP Rankings | Coaches Poll Tulane
88%
AP Poll | CFP Rankings | Coaches Poll | FPI Rankings Michigan
84%
AP Poll | CFP Rankings | Coaches Poll | FPI Rankings Oklahoma
84%
AP Poll | CFP Rankings | Coaches Poll | FPI Rankings BYU
81%
AP Poll | CFP Rankings | Coaches Poll | FPI Rankings Notre Dame
81%
AP Poll | CFP Rankings | Coaches Poll Virginia
81%
AP Poll | CFP Rankings | Coaches Poll | FPI Rankings Vanderbilt
78%
AP Poll | CFP Rankings | Coaches Poll | FPI Rankings Iowa
75%
AP Poll | CFP Rankings | Coaches Poll James Madison
75%
CFP Rankings Arizona
72%
FPI Rankings Tennessee
72%
Coaches Poll Illinois
69%
FPI Rankings Missouri
69%
AP Poll | CFP Rankings | Coaches Poll | FPI Rankings USC
69%
FPI Rankings Washington
69%
AP Poll | CFP Rankings | Coaches Poll | FPI Rankings Utah
63%
FPI Rankings Penn State
56%
CFP Rankings | Coaches Poll Georgia Tech
53%
AP Poll | CFP Rankings North Texas
50%
FPI Rankings SMU
50%
FPI Rankings Auburn
47%
AP Poll TCU
41%
AP Poll | CFP Rankings | Coaches Poll Houston
38%
AP Poll | Coaches Poll Navy
34%
FPI Rankings South Florida
31%
No matching quizzes found
Score Distribution
Percent of People with Each Score
Percentile by Number Answered
Your Score History
You have not taken this quiz